| 000 | 01092nam a22003377a 4500 | ||
|---|---|---|---|
| 001 | BR2022000089 | ||
| 003 | BR-BrBNA | ||
| 005 | 20230928105616.0 | ||
| 007 | ta | ||
| 008 | 230509b bl.||||| |||| 00| 0 por d | ||
| 040 |
_aBR-BrBNA _bpor _cBiblioteca Nacional de Agricultura |
||
| 041 | _a(Por) | ||
| 072 | _aD10; J10; Q03 | ||
| 090 | _ D10 BR2022000089 | ||
| 100 | 1 | _aFaulin, E.J. (ed.) | |
| 110 | 1 | _aFundação Getúlio Vargas, Rio de Janeiro, RJ (Brasil) | |
| 245 | 1 | _aEstudo sobre os impactos da atuação dos auditores fiscais federais agropecuários sobre a produção agropecuária brasileira | |
| 260 | 3 |
_aRio de Janeiro, RJ (Brasil): _c2017. |
|
| 300 | _a111 p. | ||
| 500 | _aSummary (Por); 20 illus.; 18 tables; 17 graphs | ||
| 650 | _aPRODUÇÃO AGRÍCOLA | ||
| 650 | _aPRODUÇÃO ANIMAL | ||
| 650 | _aHIGIENE DE ALIMENTO | ||
| 650 | _aINSPEÇÃO VEGETAL | ||
| 650 | _aINSPEÇÃO VETERINÁRIA | ||
| 650 | _aINSPEÇÃO SANITÁRIA | ||
| 650 | _aFISCALIZAÇÃO SANITÁRIA | ||
| 650 | _aLEGISLAÇÃO | ||
| 909 |
_a202309 _bLucia _c55 _dLucia Elande |
||
| 942 | _cBK | ||
| 999 |
_c85863 _d85863 |
||